Uganda Law Society Law review 1998 / (Record no. 4899)
[ view plain ]
| 000 -LEADER | |
|---|---|
| fixed length control field | 01828cas a2200445 a 4500 |
| 001 - CONTROL NUMBER | |
| control field | 11808393 |
| 003 - CONTROL NUMBER IDENTIFIER | |
| control field | OSt |
| 005 - DATE AND TIME OF LATEST TRANSACTION | |
| control field | 20120109123903.0 |
| 008 - FIXED-LENGTH DATA ELEMENTS--GENERAL INFORMATION | |
| fixed length control field | 991012c19989999ug x p g 0 0eng |
| 010 ## - LIBRARY OF CONGRESS CONTROL NUMBER | |
| LC control number | 99890500 |
| 035 ## - SYSTEM CONTROL NUMBER | |
| System control number | (OCoLC)ocm42616257 |
| 037 ## - SOURCE OF ACQUISITION | |
| Source of stock number/acquisition | Uganda Law Society, Plot 81 Kiira Road, P.O. Box 426, Kampala |
| 040 ## - CATALOGING SOURCE | |
| Original cataloging agency | DLC |
| Transcribing agency | DLC |
| 042 ## - AUTHENTICATION CODE | |
| Authentication code | lc |
| 043 ## - GEOGRAPHIC AREA CODE | |
| Geographic area code | f-ug--- |
| 050 00 - LIBRARY OF CONGRESS CALL NUMBER | |
| Classification number | K25 |
| Item number | .G37 |
| 082 ## - DEWEY DECIMAL CLASSIFICATION NUMBER | |
| Classification number | 348.0056761 |
| 130 0# - MAIN ENTRY--UNIFORM TITLE | |
| Uniform title | Law review (Kampala, Uganda) |
| 9 (RLIN) | 6035 |
| 245 00 - TITLE STATEMENT | |
| Title | Uganda Law Society Law review 1998 / |
| Statement of responsibility, etc | Uganda Law Society. |
| 246 1# - VARYING FORM OF TITLE | |
| Display text | Issues for 2000-<2001> have title: |
| Title proper/short title | Uganda Law Society law review |
| 246 13 - VARYING FORM OF TITLE | |
| Title proper/short title | Uganda Law Society law review |
| 260 ## - PUBLICATION, DISTRIBUTION, ETC. (IMPRINT) | |
| Place of publication, distribution, etc | Kampala : |
| Name of publisher, distributor, etc | The Society, |
| Date of publication, distribution, etc | c1998- |
| 300 ## - PHYSICAL DESCRIPTION | |
| Extent | v. ; |
| Dimensions | 21 cm. |
| 310 ## - CURRENT PUBLICATION FREQUENCY | |
| Current publication frequency | Irregular, |
| Date of current publication frequency | 2000- |
| 321 ## - FORMER PUBLICATION FREQUENCY | |
| Former publication frequency | Monthly, |
| -- | 1998- |
| 362 0# - DATES OF PUBLICATION AND/OR SEQUENTIAL DESIGNATION | |
| Dates of publication and/or sequential designation | Mar. 1998- ; 2000, no. 1- |
| 500 ## - GENERAL NOTE | |
| General note | Title from cover. |
| 500 ## - GENERAL NOTE | |
| General note | Latest issue consulted: 2001, no. 1. |
| 515 ## - NUMBERING PECULIARITIES NOTE | |
| Numbering peculiarities note | Issue for 2000, no. 1 called also vol. 1 in editorial. |
| 650 #0 - SUBJECT ADDED ENTRY--TOPICAL TERM | |
| Topical term or geographic name as entry element | Law |
| Geographic subdivision | Uganda |
| Form subdivision | Periodicals. |
| 9 (RLIN) | 6066 |
| 710 2# - ADDED ENTRY--CORPORATE NAME | |
| Corporate name or jurisdiction name as entry element | Uganda Law Society. |
| 9 (RLIN) | 6037 |
| 780 00 - PRECEDING ENTRY | |
| Title | Uganda Law Society review |
| Record control number | (DLC) 85980680 |
| -- | (OCoLC)13811457 |
| 906 ## - LOCAL DATA ELEMENT F, LDF (RLIN) | |
| a | 7 |
| b | cbc |
| c | serials |
| d | 2 |
| e | ncip |
| f | 19 |
| g | n-oclcserc |
| 942 ## - ADDED ENTRY ELEMENTS (KOHA) | |
| Source of classification or shelving scheme | Dewey Decimal Classification |
| Koha item type | Periodicals |
| Withdrawn status | Lost status | Source of classification or shelving scheme | Damaged status | Not for loan | Home library | Current library | Shelving location | Date acquired | Total Checkouts | Full call number | Barcode | Date last seen | Price effective from | Koha item type |
|---|---|---|---|---|---|---|---|---|---|---|---|---|---|---|
| Dewey Decimal Classification | Law Development Centre Main Library | Law Development Centre Main Library | Law Reports | 01/09/2012 | 348.0056761 | 3424/2012 | 01/09/2012 | 01/09/2012 | Periodicals | |||||
| Dewey Decimal Classification | Law Development Centre Main Library | Law Development Centre Main Library | Law Reports | 01/09/2012 | 348.0056761 | 3425/2012 | 01/09/2012 | 01/09/2012 | Periodicals | |||||
| Dewey Decimal Classification | Law Development Centre Main Library | Law Development Centre Main Library | Law Reports | 01/09/2012 | 348.0056761 | 3426/2012 | 01/09/2012 | 01/09/2012 | Periodicals |
